Cultura visual y conocimiento científico (Record no. 151162)
[ view plain ]
| 000 -LEADER | |
|---|---|
| fixed length control field | 00713nam a2200193 4500 |
| 005 - DATE AND TIME OF LATEST TRANSACTION | |
| control field | 20211018094935.0 |
| 008 - FIXED-LENGTH DATA ELEMENTS--GENERAL INFORMATION | |
| fixed length control field | 190911b sp ||||| |||| 00| 0 spa d |
| 020 ## - INTERNATIONAL STANDARD BOOK NUMBER | |
| International Standard Book Number | 9788491169055 |
| 050 04 - LIBRARY OF CONGRESS CALL NUMBER | |
| Classification number | Q162 |
| Item number | L68 2017 |
| 050 04 - LIBRARY OF CONGRESS CALL NUMBER | |
| Classification number | Q162 |
| Item number | L67 2017 |
| 100 1# - MAIN ENTRY--PERSONAL NAME | |
| Personal name | López Cantos, Francisco José, |
| Dates associated with a name | 1968- |
| 245 10 - TITLE STATEMENT | |
| Title | Cultura visual y conocimiento científico |
| Remainder of title | : comunicación transmedia de la ciencia en la era Big Data |
| Statement of responsibility, etc | / Francisco José López Cantos |
| 250 ## - EDITION STATEMENT | |
| Edition statement | 1a ed. |
| 260 ## - PUBLICATION, DISTRIBUTION, ETC. (IMPRINT) | |
| Place of publication, distribution, etc | Barcelona, España : |
| Name of publisher, distributor, etc | UOC ( Universitat Oberta de Catalunya), |
| Date of publication, distribution, etc | 2017. |
| 300 ## - PHYSICAL DESCRIPTION | |
| Extent | 131 p. ; |
| Dimensions | 21 cm. |
| 490 ## - SERIES STATEMENT | |
| Series statement | Manuales (Comunicación) ; |
| Volume number/sequential designation | 510. |
| 650 #7 - SUBJECT ADDED ENTRY--TOPICAL TERM | |
| Source of heading or term | lemb |
| Topical term or geographic name as entry element | Ciencia |
| Form subdivision | Obras de divulgación |
| 942 ## - ADDED ENTRY ELEMENTS (KOHA) | |
| Source of classification or shelving scheme | Biblioteca del Cogreso de los Estados Unidos |
| Koha item type | Libro |
| Estado de pérdida | Fuente de clasificación | Estado del daño | No para préstamo | Ubicación permanente | Ubicación actual | Apartado o colección | Fecha de adquisición | Edición | Área del conocimiento | Clasificación | Código de Barras | Date last seen | Número de copia | Costo por reposición | Tipo de recurso | Fuente de adquisición | Total Checkouts |
|---|---|---|---|---|---|---|---|---|---|---|---|---|---|---|---|---|---|
| Biblioteca del Cogreso de los Estados Unidos | Biblioteca de la Facultad de Letras | Biblioteca de la Facultad de Letras | General | 18/10/2021 | 1a ed. | Ciencias Naturales y Exactas | Q162 L67 2017 | LLH000009581 | 18/10/2021 | 1 | 1.00 | Libro | Donación | ||||
| Biblioteca del Cogreso de los Estados Unidos | Biblioteca del Instituto de Investigaciones Históricas | Biblioteca del Instituto de Investigaciones Históricas | General | 11/09/2019 | 1a ed. | Ciencias Naturales y Exactas | Q162 L68 2017 | IIH000028680 | 11/09/2019 | 1 | 1.00 | Libro |